Etude quantitative de quatre peuplements sciaphiles sur substrat rocheux dans la région marseillaise (Registro nro. 10257)

Detalles MARC
000 -CABECERA
Campo de control 005360000a22001570004500
090 ## - CLASIFICACIÓN LOCAL
Colección AR
Consecutivo 01171
041 0# - IDIOMA
Código de idioma para texto/pista de sonido o título separado
100 1# - ASIENTO PRINCIPAL--NOMBRE PERSONAL
Nombre personal True, Merrill A.
245 10 - MENCION DE TITULO
Título Etude quantitative de quatre peuplements sciaphiles sur substrat rocheux dans la région marseillaise
650 14 - ASIENTO SECUNDARIO DE MATERIA - TERMINO TEMATICO
Término temático o nombre geográfico como elemento de entrada Ecosistemas costeros
650 14 - ASIENTO SECUNDARIO DE MATERIA - TERMINO TEMATICO
Término temático o nombre geográfico como elemento de entrada Tecnicas de muestreo
650 14 - ASIENTO SECUNDARIO DE MATERIA - TERMINO TEMATICO
Término temático o nombre geográfico como elemento de entrada Espeleología
651 #4 - ASIENTO SECUNDARIO DE MATERIA - NOMBRE GEOGRAFICO
-- Marsella
-- Francia
773 1# - Item fuente:
Título Bulletin de L'Institut Océanographique
Especificación de materiales 372
Descripción física 1401
Paginas del Articulo 1-48
Lugar, editorial y fecha de publicación 1970
Información sobre la relación 69
942 ## - ELEMENTOS ADICIONALES (KOHA)
Tipo de ítem Artículo
Existencias
Withdrawn status Lost status Damaged status No para préstamo Colección Ubicación Permanente Ubicación actual Fecha de adquisición Fuente de Valor Datos de publicación Seriada Total Checkouts Número topográfico Inventario / Código de Barras Date last seen Ejemplar Price effective from Forma de adquisición Tipo de material
      No para Préstamo Hemeroteca Bogotá Bogotá 27/02/2015 Muñoz Saba, Yaneth Fuera de circulación   AR 01171 011491 25/03/2015 1 25/03/2015   Artículo